000 01432cam a22003134a 4500
999 _c23685
_d23685
001 14945752
005 20170127090101.0
008 070730s2008 ctua bc 001 0 eng
010 _a 2007031345
020 _a9780300135947 (cl : alk. paper)
050 0 0 _aN6846 .B37 2008
100 1 _aBennett, Shelley M.,
_d1947-
245 1 0 _aFrench art of the eighteenth century at the Huntington /
_cShelley Bennett and Carolyn Sargentson.
246 3 _aFrench 18th-century art at the Huntington
260 _aNew Haven :
_bYale University Press,
_cc2008.
300 _axi. 555 p. :
_bill. (some col.) ;
_c31 cm.
504 _aIncludes bibliographical references and index.
610 2 0 _aHenry E. Huntington Library and Art Gallery
_vCatalogs.
650 0 _aArt, French
_vCatalogs.
650 0 _aArt
_zCalifornia
_zSan Marino
_vCatalogs.
700 1 _aSargentson, Carolyn.
856 4 1 _3Table of contents only
_uhttp://www.loc.gov/catdir/toc/ecip0724/2007031345.html
942 _2lcc
_cBOOKS